000 00745nam a2200229 a 4500
001 68819
003 BD-RjUL
005 20211209081819.0
008 170406s1971 ii a 001 0 eng d
035 _a(BD-RjUL)69030
040 _aBD-RjUL
_beng
_cBD-RjUL
041 _aeng
082 _a591.954
_223
_bPRB 1971
100 1 _aPrater, S. H.
_9203942
245 1 4 _aThe book of Indian animals /
_cS.H. Prater ; with 28 coloured plates by Paul Barruel and many other illustrations
250 _a3rd rev. ed.
260 _aBombay :
_bBombay Natural History Society,
_cc1971
300 _axxii, 324 p. :
_c23 cm
_bill. ;
650 0 _aAnimals
_zIndia
_xIdentification
_9203943
710 2 _aBombay Natural History Society.
_9203944
942 _2ddc
_cBK
999 _c68819
_d68819